El surgimiento del concepto /

Se evoca la historia del concepto de resiliencia, su elaboración y complejidad, las razones de su éxito a nivel teórico y práctico, sus buenos y malos usos, sus limitaciones y las formas de promoverla. Se concluye que el abordaje epistemológico de la resiliencia tiene que superar la lógica pragmátic...

ver descrição completa

Na minha lista:
Detalhes bibliográficos
Autor principal: Tomkiewicz, Stanislaw
Formato: Texto
Assuntos:
Tags: Adicionar Tag
Sem tags, seja o primeiro a adicionar uma tag!

MARC

LEADER 00000 a a2200000 04500
001 40961
003
040 |a CRAI/IIS  |c CRAI/IIS 
100 |a Tomkiewicz, Stanislaw  
245 |a El surgimiento del concepto /  |c Stanislaw Tomkiewicz  
520 |a Se evoca la historia del concepto de resiliencia, su elaboración y complejidad, las razones de su éxito a nivel teórico y práctico, sus buenos y malos usos, sus limitaciones y las formas de promoverla. Se concluye que el abordaje epistemológico de la resiliencia tiene que superar la lógica pragmática, que se reduce a la conducta observable y a resultados, no procesos. Además, se plantea que la resiliencia es un fenómeno social, no exclusivamente individual, por lo que no debe ser utilizada como excusa para descuidar la responsabilidad institucional y estatal en el bienestar de las personas.  
590 |a EFU/MAYO2011  
650 |a RESILIENCIA  
650 |a PSICOLOGIA  
650 |a TEORIA  
650 |a DESARROLLO DEL NIÑO  
650 |a TEORIA CRITICA  
773 |g páginas 33-50  
999 |c 20042  |d 20042 
773 0 |0 16536  |9 1195  |a Cyrulnik, Boris   |d España : gedisa,   |o 07360  |t El realismo de la esperanza:   |w (cru CIDCACS/IIS)40957  |z 84-9784-000-3